00301nam a2200109Ia 4500008004100000041000800041082001500049100005100064245004500115260002200160300000900182220803s9999 xx 000 0 und d aeng a712.36 DHA aDharap J Ed.; Sahasrabudhe S Ed & Sharma R Ed. aWisdom Values And Landscape Architecture aPunebIsolac2015 a168p